| 000 | 01154 a2200229 4500 | ||
|---|---|---|---|
| 003 | NUST | ||
| 005 | 20221116132150.0 | ||
| 010 | _a 77011111 | ||
| 020 |
_a0716700166. _a0716700158 |
||
| 040 | _cNust | ||
| 082 | 0 | 0 | _a513.0285,CHI |
| 100 | 1 |
_aChinn, William G. _9102694 |
|
| 245 | 1 | 0 |
_aArithmetic and calculators : _bhow to deal with arithmetic in the calculator age / _cWilliam G. Chinn, Richard A. Dean, Theodore N. Tracewell. |
| 260 |
_aSan Francisco : _bW. H. Freeman, _cc1978. |
||
| 300 |
_avii, 488 p. : _bill. ; _c25 cm. |
||
| 505 | _aCounting and Decimal Notation (Page-7), Getting Started on Your Calculator (Page-17), Addition and Subtraction with Number (Page-51), Multiplication and Division of Decimal number (Page-79), Geometric Application (Page-137), Negative Number(Page-179), Power Exponents(Page-193), Rational Number (Page-219), Percent and Interest (Page-257), Rates , rations (Page-301), More About Integers (Page-355), Roots(Page-409). | ||
| 650 | 0 |
_aArithmetic. _939162 |
|
| 650 | 0 |
_aCalculators. _940498 |
|
| 700 | 1 |
_aDean, Richard A., _9102695 |
|
| 700 | 1 |
_aTracewell, Theodore N., _9102696 |
|
| 942 |
_2ddc _cBK _k513.0285,CHI |
||
| 999 |
_c180316 _d180316 |
||